CAPITAL MARKET AND SECURITIES LAWS MODUL (Record no. 21960)

MARC details
000 -LEADER
fixed length control field 00341nam a2200133Ia 4500
008 - FIXED-LENGTH DATA ELEMENTS--GENERAL INFORMATION
fixed length control field 240624s9999 xx 000 0 und d
041 ## - LANGUAGE CODE
Language code of text/sound track or separate title eng
082 ## - DEWEY DECIMAL CLASSIFICATION NUMBER
Classification number 346.07 PAN
100 ## - MAIN ENTRY--PERSONAL NAME
Personal name PANDAB S K
245 ## - TITLE STATEMENT
Title CAPITAL MARKET AND SECURITIES LAWS MODUL
250 ## - EDITION STATEMENT
Edition statement (7th ed.)
260 ## - PUBLICATION, DISTRIBUTION, ETC.
Date of publication, distribution, etc. 2013
Place of publication, distribution, etc. Kolkata
Name of publisher, distributor, etc. Lawpoint Publications
365 ## - TRADE PRICE
Currency code RS
Price amount 15
Holdings
Withdrawn status Lost status Damaged status Not for loan Home library Current library Shelving location Date acquired Source of acquisition Cost, normal purchase price Total Checkouts Full call number Barcode Date last seen Date last checked out Copy number Price effective from Koha item type
        IMTN IMTN Rack 13-B 10/31/2013 SLH 190.00 1 346.07 PAN 21960 10/13/2025 10/08/2025 1 06/24/2024 Books
Designed & Maintained by: LRC IMT Nagpur Contact: lrc@imtnag.ac.in© 2024. All Rights Reserved.